| 000 | 00455nam a2200157Ia 4500 | ||
|---|---|---|---|
| 008 | 180921t1992 xxu||||| |||| 00| 0 eng d | ||
| 041 | _aeng | ||
| 080 |
_a581.52 _bCIT |
||
| 245 | _aCitizens' report on environment and development Sri lanka | ||
| 260 |
_bCampaign on environment and development _c1992 |
||
| 300 | _a67p., ill., 26 cm | ||
| 650 |
_aForest _aEnergy _aIndustry |
||
| 942 | _cBK | ||
| 999 |
_c17156 _d17156 |
||
| 003 | LK-CoDNM | ||
| 040 |
_aLK-CoDNM _dLK-CoDNM _eLK-CoDNM |
||